|
|
|
|
| LEADER |
02626nam a22005535i 4500 |
| 001 |
978-981-287-305-7 |
| 003 |
DE-He213 |
| 005 |
20160407090323.0 |
| 007 |
cr nn 008mamaa |
| 008 |
160407s2016 si | s |||| 0|eng d |
| 020 |
|
|
|a 9789812873057
|9 978-981-287-305-7
|
| 024 |
7 |
|
|a 10.1007/978-981-287-305-7
|2 doi
|
| 040 |
|
|
|d GrThAP
|
| 050 |
|
4 |
|a TJ807-830
|
| 072 |
|
7 |
|a THX
|2 bicssc
|
| 072 |
|
7 |
|a TEC031010
|2 bisacsh
|
| 082 |
0 |
4 |
|a 621.042
|2 23
|
| 100 |
1 |
|
|a Majumder, Mrinmoy.
|e author.
|
| 245 |
1 |
0 |
|a Impact of Climate Change on Hydro-Energy Potential
|h [electronic resource] :
|b A MCDM and Neural Network Approach /
|c by Mrinmoy Majumder, Apu K. Saha.
|
| 264 |
|
1 |
|a Singapore :
|b Springer Singapore :
|b Imprint: Springer,
|c 2016.
|
| 300 |
|
|
|a X, 95 p. 30 illus. in color.
|b online resource.
|
| 336 |
|
|
|a text
|b txt
|2 rdacontent
|
| 337 |
|
|
|a computer
|b c
|2 rdamedia
|
| 338 |
|
|
|a online resource
|b cr
|2 rdacarrier
|
| 347 |
|
|
|a text file
|b PDF
|2 rda
|
| 490 |
1 |
|
|a SpringerBriefs in Energy,
|x 2191-5520
|
| 505 |
0 |
|
|a Introduction -- An Overview of Hydropower Plants -- Climate Change and Models -- Multi Criteria Decision Making -- Methodology -- Artificial Neural Networks -- Conclusions -- Result and Discussion.
|
| 520 |
|
|
|a This Brief presents the impact of climatic abnormalities on hydropower potential of different regions of the World. In this regard, multi-criteria decision making and neural network are used to predict the impact of the change cognitively by an index. The results from the study show that the hydro-energy potential of the Asian region is mostly vulnerable with respect to other regions of the World. The model results also encourage further application of the index to analyse the impact of climate change on potential of hydro-energy.
|
| 650 |
|
0 |
|a Energy.
|
| 650 |
|
0 |
|a Renewable energy resources.
|
| 650 |
|
0 |
|a Water-supply.
|
| 650 |
|
0 |
|a Climate change.
|
| 650 |
|
0 |
|a Electric power production.
|
| 650 |
|
0 |
|a Renewable energy sources.
|
| 650 |
|
0 |
|a Alternate energy sources.
|
| 650 |
|
0 |
|a Green energy industries.
|
| 650 |
1 |
4 |
|a Energy.
|
| 650 |
2 |
4 |
|a Renewable and Green Energy.
|
| 650 |
2 |
4 |
|a Climate Change/Climate Change Impacts.
|
| 650 |
2 |
4 |
|a Water Industry/Water Technologies.
|
| 650 |
2 |
4 |
|a Energy Technology.
|
| 700 |
1 |
|
|a Saha, Apu K.
|e author.
|
| 710 |
2 |
|
|a SpringerLink (Online service)
|
| 773 |
0 |
|
|t Springer eBooks
|
| 776 |
0 |
8 |
|i Printed edition:
|z 9789812873040
|
| 830 |
|
0 |
|a SpringerBriefs in Energy,
|x 2191-5520
|
| 856 |
4 |
0 |
|u http://dx.doi.org/10.1007/978-981-287-305-7
|z Full Text via HEAL-Link
|
| 912 |
|
|
|a ZDB-2-ENE
|
| 950 |
|
|
|a Energy (Springer-40367)
|